000 00896cam a2200217 4500
001 WB3744-12
008 011120n2001 000 0 eng u
035 _a(Sirsi) u115647
245 _aPractices plan redundancies
260 _c2001
490 _aBuilding Design
_v(1510) 16 November 2001, 2(1)
520 _aA "Building Design" survey has shown that nearly one-fifth of the UK's biggest architectual practices expect to make staff redundant over the next 12 months. The survey sampled opinion from UK's 50 largest practices asking them about their business prospects for next year. Firms planning cutbacks expected to make between 10% and 15% of their workforces redundant.
590 _aWB
650 _aSURVEYING PRACTICES
650 _aBUSINESS CONFIDENCE
650 _aREDUNDANCIES
650 _aWAGE BILLS
650 _aARCHITECTS
690 _aECONOMIC ISSUES
942 _n0
999 _c68872
_d68872